Changing meanings and boundaries of the "political" /
Wedi'i Gadw mewn:
| Prif Awdur: | |
|---|---|
| Fformat: | Texto |
| Tagiau: |
Ychwanegu Tag
Dim Tagiau, Byddwch y cyntaf i dagio'r cofnod hwn!
|
MARC
| LEADER | 00000 a a2200000 04500 | ||
|---|---|---|---|
| 001 | 48564 | ||
| 003 | |||
| 040 | |||
| 100 | |a Kimmerling, Baruch | ||
| 245 | |a Changing meanings and boundaries of the "political" / |c Baruch Kimmerling | ||
| 773 | |g volumen 44, número 3, (1996), páginas 152-176 | ||
| 999 | |c 27012 |d 27012 | ||
